La Mesías /
Miniserie española en siete episodios acerca de dos hermanos que tras la viralización de un viejo video de un grupo de pop cristiano entran en catarsis por los recuerdos de su madre, una mujer cuyo fundamentalismo religioso la llevó a tener delirios mesiánicos.
Guardat en:
| Autor principal: | |
|---|---|
| Altres autors: | , , , , , , , , , , , , , |
| Format: | |
| Idioma: | espanyol |
| Publicat: |
España :
Movistar+ : Suma Content,
2023, c2023
|
| Matèries: | |
| Etiquetes: |
Sense etiquetes, Sigues el primer a etiquetar aquest registre!
|
MARC
| LEADER | 00000ngm^a2200000^a^4500 | ||
|---|---|---|---|
| 001 | 000630091 | ||
| 005 | 20260410000000.0 | ||
| 009 | 20260410195516.917 | ||
| 037 | |a Acervo ITESO - Biblioteca | ||
| 041 | |a ESP | ||
| 082 | |a 291. 2 |b AMB | ||
| 100 | |a Ambrossi, Javier |e (idea original) | ||
| 240 | 1 | 4 | |a [La Mesías] |
| 245 | 1 | 3 | |a La Mesías / |c Idea original, prod. y realización de J. Ambrossi, J. Calvo. |
| 264 | 4 | |a España : |b Movistar+ : |b Suma Content, |c 2023, c2023 | |
| 264 | 2 | |a Valladolid, España : |b Divisa [distribución], |c 2025, c2025 | |
| 300 | |a 3 blu-rays multirregión (520 min.) : |b color | ||
| 336 | |a imagen móvil bidimensional |b tdi |2 rdacontenido | ||
| 337 | |a video |b v |2 rdamedio | ||
| 338 | |a videodisco |b vd |2 rdasoporte | ||
| 520 | |a Miniserie española en siete episodios acerca de dos hermanos que tras la viralización de un viejo video de un grupo de pop cristiano entran en catarsis por los recuerdos de su madre, una mujer cuyo fundamentalismo religioso la llevó a tener delirios mesiánicos. | ||
| 546 | |a En español, con subtítulos opcionales: español, inglés | ||
| 546 | |a Audiodescripción en español, para ciegos y débiles visuales | ||
| 649 | |a XX | ||
| 650 | |a Hermanos en la Televisión | ||
| 650 | |a Religiosos en la Televisión | ||
| 650 | |a Músicos en la Televisión | ||
| 650 | |a Banda (de Jazz, Rock, etc.) en la Televisión | ||
| 650 | |a Sectas Religiosas en la Televisión | ||
| 650 | |a Iglesias Cristianas y Medios de Comunicación - |z España | ||
| 650 | |a Redes Sociales (Internet) - |x Aspectos Sociales y Culturales | ||
| 650 | |a Tecnologías de Comunicación e Información - |x Aspectos Sociales y Culturales | ||
| 650 | |a Making Of (Documentales detrás de Cámaras) | ||
| 650 | |a Producción Televisiva - |z España | ||
| 650 | |a Miniseries | ||
| 650 | |a Series Dramáticas | ||
| 650 | |a Series de Televisión | ||
| 650 | |a Televisión - |z España - |y 2020-2029 | ||
| 650 | |a Televisión - |z España - |y Siglo XXI | ||
| 650 | |a Televisión - |z España - |x Historia y Crítica | ||
| 650 | |a Relaciones entre Hermanos | ||
| 650 | |a Relaciones Familiares | ||
| 650 | |a Mecanismos de Defensa | ||
| 650 | |a Trauma | ||
| 650 | |a Fundamentalismo Religioso - |x Tema Principal | ||
| 650 | |a Pop - |z España | ||
| 650 | |a Música Popular Moderna - |z España | ||
| 650 | |a Música Española | ||
| 650 | |a Cristianismo y Sociedad - |z España | ||
| 650 | |a Cristianismo - |z España | ||
| 650 | |a Religión y Comunicación - |z España | ||
| 650 | |a Sociología de la Religión | ||
| 700 | |a Calvo, Javier |e (idea original) | ||
| 700 | |a Ambrossi, Javier |e (producción) | ||
| 700 | |a Calvo, Javier |e (producción) | ||
| 700 | |a Ambrossi, Javier |e (realización) | ||
| 700 | |a Calvo, Javier |e (realización) | ||
| 700 | |a Ambrossi, Javier |e (guión) | ||
| 700 | |a Calvo, Javier |e (guión) | ||
| 700 | |a Jordana, Gris |e (fotógrafo) | ||
| 700 | |a López Cobos, Ana |e (vestuario) | ||
| 700 | |a Gutiérrez, Alberto |e (montaje) | ||
| 700 | |a Fernández Miró, Raül |e (música) | ||
| 700 | |a García, Macarena |e (actuación) | ||
| 700 | |a Casamajor, Roger |e (actuación) | ||
| 700 | |a Dueñas, Lola |e (actuación) | ||
| 910 | |a Fondo General | ||
| 920 | |a Audiovisuales - Blu-rays | ||
| 905 | |a 303 | ||
| 901 | |a 630384-10 |b IT2 |c BRS |i C193255 |u 20260410 | ||
| 901 | |a 630384-20 |b IT2 |c BRS |i C193256 |u 20260410 | ||
| 901 | |a 630384-30 |b IT2 |c BRS |i C193257 |u 20260410 | ||
| 902 | |a https://opac.biblio.iteso.mx/vufind/Record/000630091 | ||